| 000 | 01774nam0a22003131 4500 | ||
|---|---|---|---|
| 001 | RU\INFOCOMM_322\NLR\5000230662 | ||
| 005 | 20250613112237.0 | ||
| 035 | _a(NLR Aleph) 009606983 | ||
| 090 |
_a9347172 _c9347172 |
||
| 100 | _a20130314d1977 |||y0rusy50 ca | ||
| 101 | 0 | _aeng | |
| 102 | _aRU | ||
| 105 | _ay z ||||| | ||
| 200 | 1 | _aReport of the Organizing committee of the 1980 Olympic games in Moscow to the Meeting of the IOC executive board with the national olympic committees, Abidjan, 31.03.77 | |
| 210 |
_a[M. _d1977] |
||
| 215 |
_a26 л., 25 л. встреч. паг.; 14 л. ил. _cил. _d29 см |
||
| 300 | _aВ вып. дан. на вклейке: Отчет оргкомитета "Олимпиада-80" | ||
| 423 | 0 |
_12001#$a[Rapport du Comité d'organisation des Jeux Olympiques de 1980 à Moscou à la Réunion de la Commission exécutive du CIO avec les comités nationaux olympiques] _171012$aJeux Olympiques$bComité d'organisation$d22$eMoscou$f1980$4070 _t[Rapport du Comité d'organisation des Jeux Olympiques de 1980 à Moscou à la Réunion de la Commission exécutive du CIO avec les comités nationaux olympiques] _aJeux Olympiques. Comité d'organisation (22 ; 1980 ; Moscou) |
|
| 606 | 1 |
_aСпортивные сооружения _xПланировка и строительство _yМосква, город _91849893 _3RU\NLR\AUTH\661129529 |
|
| 607 |
_aМосква _xПланировка и строительство _2nlr_sh1 |
||
| 620 | _aМосква | ||
| 686 |
_aЩ133(2Р-Р)92Москва1 _2rubbk |
||
| 710 | 1 | 2 |
_aOlympic games _bOrganizing committee _d22 _eMoscow _f1980 _4070 |
| 801 | 1 |
_aRU _bInfocomm _c20130314 |
|
| 801 | 0 |
_aRU _bINFOCOMM _gPSBO |
|
| 852 |
_aNLR _jИс21 Д-7/203 |
||
| 942 | _cBOOK | ||
| 980 | _aNB | ||